100k+ First-Level Subdivisions of Europe on a Map - Statistics

General Stats
  • This quiz has been taken 236 times
    64 since last reset
  • The average score is 242 of 502
Answers on the Map
Answers color-coded by a green-red scale on the quiz's map according to % correct below.
 
Answer Stats
Country Type Subdivision % Correct
Denmark 2025 E Region North Jutland
98%
United Kingdom 2021 C Country Scotland
98%
United Kingdom 2021 C Country Wales
98%
United Kingdom 2021 C Country England
96%
Ireland 2022 C County Louth
94%
United Kingdom 2021 C Province Northern Ireland
94%
Denmark 2025 E Region Southern Denmark
94%
Ukraine 2022 E Autonomous Republic Crimea
90%
Italy 2025 E Region Sicily
90%
Germany 2024 E State Berlin
88%
Romania 2024 E Municipality Bucharest
88%
Denmark 2025 E Region Central Denmark
88%
Greece 2021 C Administration Crete
88%
Ukraine 2022 E Region Kiev
88%
Ukraine 2022 E City Kyiv
88%
Greece 2021 C Administration Peloponnese, Western Greece and the Ionian
88%
Russia 2024 E City Saint Petersburg
88%
Italy 2025 E Region Sardinia
88%
Greece 2021 C Administration Attica
86%
Germany 2024 E State Bavaria
86%
Spain 2024 Ev Community Catalonia
86%
France 2022 E Region Corsica
86%
Ireland 2022 C City Dublin
86%
Russia 2024 E Region Kaliningrad
86%
Ukraine 2022 E Region Luhansk
86%
Spain 2024 Ev Community Madrid
86%
Russia 2024 E City | Region Moscow
86%
Greece 2021 C Administration Thessaly and Central Greece
86%
Croatia 2023 E City | County Zagreb
86%
Switzerland 2024 E Canton Basel-Landschaft
84%
Switzerland 2024 E Canton Basel-Stadt
84%
Switzerland 2024 E Canton Bern
84%
Belgium 2025 E Region Brussels-Capital Region
84%
Denmark 2025 E Region Capital Region
84%
Finland 2024 E Region Central Finland
84%
Ukraine 2022 E Region Donetsk
84%
Bosnia and Herzegovina 2022 E Division Federation of Bosnia and Herzegovina
84%
Spain 2024 Ev Community Galicia
84%
Germany 2024 E State Hamburg
84%
Italy 2025 E Region Lombardy
84%
Belarus 2023 E City | Region Minsk
84%
Russia 2024 E Region Murmansk
84%
Ukraine 2022 E Region Odessa
84%
Norway 2025 E County Oslo
84%
Czech Republic 2021 C Region Prague
84%
Bulgaria 2024 E Province Sofia
84%
Bulgaria 2024 E Province Sofia City
84%
Sweden 2024 E County Stockholm
84%
Austria 2025 E State Vienna
84%
Kazakhstan 2023 E Region West Kazakhstan
84%
France 2022 E Region Brittany
82%
Ireland 2022 C City | County Cork
82%
Ukraine 2022 E Region Dnipropetrovsk
82%
Belgium 2025 E Region Flanders
82%
Ukraine 2022 E Region Lviv
82%
Bosnia and Herzegovina 2022 E Division Republika Srpska
82%
Germany 2024 E State Saxony
82%
Russia 2024 E Region Volgograd
82%
Spain 2024 Ev Community Balearic Islands
80%
Spain 2024 Ev Community Basque
80%
Germany 2024 E State Brandenburg
80%
Hungary 2022 C County Budapest
80%
Portugal 2021 C District Lisbon
80%
Slovenia 2025 E Unit Ljubljana
80%
Germany 2024 E State Lower Saxony
80%
Greece 2021 C Administration Macedonia and Thrace
80%
Croatia 2023 E County Split-Dalmatia
80%
Italy 2025 E Region Tuscany
80%
Spain 2024 Ev Community Valencia
80%
Lithuania 2024 E County Vilnius
80%
Denmark 2025 E Region Zealand
80%
Germany 2024 E State Baden-Württemberg
78%
Serbia 2022 C City Belgrade
78%
Germany 2024 E State Bremen
78%
Turkey 2022 E Province Istanbul
78%
Ukraine 2022 E Region Kharkiv
78%
Italy 2025 E Region Lazio
78%
France 2022 E Region Normandy
78%
Germany 2024 E State North Rhine-Westphalia
78%
Portugal 2021 C District Porto
78%
Russia 2024 E Region Rostov
78%
Austria 2025 E State Salzburg
78%
Ukraine 2022 E City Sevastopol
78%
North Macedonia 2021 C City Skopje
78%
Albania 2023 C County Tiranë
78%
Belgium 2025 E Region Wallonia
78%
Switzerland 2024 E Canton Zürich
78%
Spain 2024 Ev Community Andalusia
76%
Spain 2024 Ev Community Aragon
76%
Slovakia 2023 E Region Bratislava
76%
Spain 2024 Ev Community Castile and León
76%
Italy 2025 E Region Friuli-Venezia Giulia
76%
France 2022 E Region Île-de-France
76%
Italy 2025 E Region Piedmont
76%
Moldova 2024 C Unit Transnistria
76%
Netherlands 2025 E Province Zeeland
76%
Belarus 2023 E Region Brest
75%
Russia 2024 E Republic Chechnya
75%
Russia 2024 E Republic Karelia
75%
Ukraine 2022 E Region Kherson
75%
Russia 2024 E Region Kursk
75%
Luxembourg 2025 E Canton Luxembourg
75%
Germany 2024 E State Mecklenburg-Vorpommern
75%
Czech Republic 2021 C Region Moravia-Silesia
75%
Russia 2024 E Region Nizhny Novgorod
75%
France 2022 E Region Provence-Alpes-Côte d'Azur
75%
Iceland 2024 E Municipality Reykjavík
75%
Germany 2024 E State Rhineland-Palatinate
75%
Germany 2024 E State Saxony-Anhalt
75%
Russia 2024 E Region Arkhangelsk
73%
Moldova 2024 C Municipality Chișinău
73%
Romania 2024 E County Cluj
73%
Switzerland 2024 E Canton Geneva
73%
Germany 2024 E State Hesse
73%
Lithuania 2024 E County Kaunas
73%
Russia 2024 E Territory Krasnodar
73%
Italy 2025 E Region Liguria
73%
Spain 2024 Ev Community Murcia
73%
Netherlands 2025 E Province North Holland
73%
France 2022 E Region Occitanie
73%
Russia 2024 E Territory Perm
73%
Kosovo 2024 C District Pristina
73%
Latvia 2025 E City Rīga
73%
Germany 2024 E State Saarland
73%
Netherlands 2025 E Province South Holland
73%
Italy 2025 E Region Trentino-South Tyrol
73%
Austria 2025 E State Tyrol
73%
Italy 2025 E Region Veneto
73%
Italy 2025 E Region Calabria
71%
Spain 2024 Ev Community Extremadura
71%
Ireland 2022 C City-County Limerick
71%
Germany 2024 E State Schleswig-Holstein
71%
Germany 2024 E State Thuringia
71%
Netherlands 2025 E Province Utrecht
71%
Bulgaria 2024 E Province Varna
71%
Ukraine 2022 E Region Zaporizhia
71%
Greece 2021 C Administration Aegean
69%
Portugal 2021 C Region Azores
69%
France 2022 E Region Bourgogne-Franche-Comté
69%
Ireland 2022 C County Galway
69%
United Kingdom 2021 C Dependency Jersey
69%
Slovakia 2023 E Region Košice
69%
Russia 2024 E Region Leningrad
69%
Austria 2025 E State Lower Austria
69%
Spain 2024 Ev Community Navarre
69%
France 2022 E Region Nouvelle-Aquitaine
69%
Bulgaria 2024 E Province Plovdiv
69%
Montenegro 2023 C Municipality Podgorica
69%
Russia 2024 E Region Samara
69%
Poland 2023 E Province Silesia
69%
Austria 2025 E State Upper Austria
69%
Italy 2025 E Region Aosta Valley
67%
Bulgaria 2024 E Province Blagoevgrad
67%
Romania 2024 E County Constanța
67%
Russia 2024 E Republic Dagestan
67%
Croatia 2023 E County Dubrovnik-Neretva
67%
Italy 2025 E Region Emilia-Romagna
67%
Portugal 2021 C District Faro
67%
Belarus 2023 E Region Gomel
67%
France 2022 E Region Grand Est
67%
Ukraine 2022 E Region Mykolaiv
67%
Romania 2024 E County Timiș
67%
Italy 2025 E Region Apulia
65%
Netherlands 2025 E Province Friesland
65%
Ukraine 2022 E Region Ivano-Frankivsk
65%
Lithuania 2024 E County Klaipėda
65%
France 2022 E Region Pays de la Loire
65%
Russia 2024 E Region Smolensk
65%
Spain 2024 Ev Community Asturias
63%
Portugal 2021 C District Braga
63%
France 2022 E Region Centre-Val de Loire
63%
Poland 2023 E Province Kuyavia-Pomerania
63%
Poland 2023 E Province Łódź
63%
Poland 2023 E Province Pomerania
63%
Russia 2024 E Region Saratov
63%
Austria 2025 E State Styria
63%
Ukraine 2022 E Region Sumy
63%
Sweden 2024 E County Uppsala
63%
France 2022 E Region Auvergne-Rhône-Alpes
61%
Italy 2025 E Region Campania
61%
Spain 2024 Ev Community Castilla-La Mancha
61%
France 2022 E Region Hauts-de-France
61%
Finland 2024 E Region Lapland
61%
Poland 2023 E Province Lublin
61%
Russia 2024 E Republic Tatarstan
61%
Italy 2025 E Region Umbria
61%
Russia 2024 E Region Voronezh
61%
Portugal 2021 C District Coimbra
59%
Netherlands 2025 E Province Groningen
59%
Russia 2024 E Republic North Ossetia-Alania
59%
Russia 2024 E Region Bryansk
57%
Switzerland 2024 E Canton Luzern
57%
Ukraine 2022 E Region Poltava
57%
Russia 2024 E Region Vladimir
57%
Austria 2025 E State Burgenland
55%
Spain 2024 Ev Community Cantabria
55%
Austria 2025 E State Carinthia
55%
Czech Republic 2021 C Region Central Bohemia
55%
Ukraine 2022 E Region Chernihiv
55%
Poland 2023 E Province Greater Poland
55%
Belarus 2023 E Region Grodno
55%
Romania 2024 E County Iași
55%
Spain 2024 Ev Community La Rioja
55%
Poland 2023 E Province Lesser Poland
55%
Netherlands 2025 E Province Limburg
55%
Belarus 2023 E Region Vitebsk
55%
Italy 2025 E Region Basilicata
53%
Russia 2024 E Region Belgorod
53%
Bulgaria 2024 E Province Burgas
53%
Albania 2023 C County Durrës
53%
Turkey 2022 E Province Edirne
53%
Greece 2021 C Administration Epirus and Western Macedonia
53%
Slovenia 2025 E Unit Maribor
53%
Italy 2025 E Region Molise
53%
Netherlands 2025 E Province North Brabant
53%
Russia 2024 E Region Novgorod
53%
Czech Republic 2021 C Region Plzeň
53%
Russia 2024 E Region Pskov
53%
Russia 2024 E Region Tula
53%
Russia 2024 E Region Tver
53%
Serbia 2022 C Province Vojvodina
53%
Austria 2025 E State Vorarlberg
53%
Ireland 2022 C City-County Waterford
53%
Italy 2025 E Region Abruzzo
51%
Russia 2024 E Region Astrakhan
51%
Italy 2025 E Region Marche
51%
Russia 2024 E Region Orenburg
51%
Poland 2023 E Province West Pomerania
51%
Russia 2024 E Region Yaroslavl
51%
Poland 2023 E Province Masovia
49%
Estonia 2025 E County Tartu
49%
Russia 2024 E Republic Bashkortostan
47%
Russia 2024 E Region Kirov
47%
Russia 2024 E Republic Komi
47%
Poland 2023 E Province Lower Silesia
47%
Belarus 2023 E Region Mogilev
47%
Norway 2025 E County Nordland
47%
Czech Republic 2021 C Region Olomouc
47%
Russia 2024 E Region Penza
47%
Russia 2024 E Region Ryazan
47%
Sweden 2024 E County Skåne
47%
Finland 2024 E Region Southwest Finland
47%
Russia 2024 E Territory Stavropol
47%
Switzerland 2024 E Canton St. Gallen
47%
Russia 2024 E Republic Adygea
45%
Ireland 2022 C County Donegal
45%
Netherlands 2025 E Province Flevoland
45%
Russia 2024 E Republic Ingushetia
45%
Russia 2024 E Region Lipetsk
45%
Portugal 2021 C District Setúbal
45%
Czech Republic 2021 C Region South Bohemia
45%
Ukraine 2022 E Region Ternopil
45%
Norway 2025 E County Troms
45%
Hungary 2022 C County Vas
45%
Ukraine 2022 E Region Zakarpattia
45%
Romania 2024 E County Brașov
43%
Croatia 2023 E County Istria
43%
Sweden 2024 E County Kalmar
43%
Czech Republic 2021 C Region Liberec
43%
Russia 2024 E Region Oryol
43%
Kosovo 2024 C District Peja
43%
Ukraine 2022 E Region Rivne
43%
Bulgaria 2024 E Province Ruse
43%
Ukraine 2022 E Region Vinnytsia
43%
Croatia 2023 E County Zadar
43%
Ukraine 2022 E Region Chernivtsi
41%
Netherlands 2025 E Province Drenthe
41%
Moldova 2024 C Unit Găgăuzia
41%
Ireland 2022 C County Mayo
41%
Switzerland 2024 E Canton Neuchâtel
41%
Ireland 2022 C County South Dublin
41%
Czech Republic 2021 C Region South Moravia
41%
Russia 2024 E Region Ulyanovsk
41%
Portugal 2021 C District Aveiro
39%
Ukraine 2022 E Region Cherkasy
39%
Bulgaria 2024 E Province Dobrich
39%
Slovakia 2023 E Region Nitra
39%
Poland 2023 E Province Opole
39%
Netherlands 2025 E Province Overijssel
39%
Hungary 2022 C County Pest
39%
Albania 2023 C County Vlorë
39%
Ukraine 2022 E Region Volyn
39%
Ireland 2022 C County Wexford
39%
Ukraine 2022 E Region Zhytomyr
39%
Russia 2024 E Republic Chuvashia
37%
Switzerland 2024 E Canton Fribourg
37%
Romania 2024 E County Galați
37%
Netherlands 2025 E Province Gelderland
37%
Hungary 2022 C County Győr-Moson-Sopron
37%
Russia 2024 E Republic Kalmykia
37%
Russia 2024 E Region Kaluga
37%
Russia 2024 E Republic Mari El
37%
Ireland 2022 C County Meath
37%
Albania 2023 C County Shkodër
37%
Poland 2023 E Province Subcarpathia
37%
Switzerland 2024 E Canton Ticino
37%
Slovakia 2023 E Region Trnava
37%
Czech Republic 2021 C Region Ústí nad Labem
37%
Switzerland 2024 E Canton Valais
37%
Switzerland 2024 E Canton Vaud
37%
Russia 2024 E Region Vologda
37%
Poland 2023 E Province Warmia-Masuria
37%
Czech Republic 2021 C Region Zlín
37%
Slovakia 2023 E Region Banská Bystrica
35%
Portugal 2021 C District Évora
35%
Russia 2024 E Region Ivanovo
35%
Ukraine 2022 E Region Khmelnytskyi
35%
Sweden 2024 E County Örebro
35%
Slovakia 2023 E Region Prešov
35%
Slovakia 2023 E Region Trenčín
35%
Russia 2024 E Republic Udmurtia
35%
Norway 2025 E County Vestland
35%
Switzerland 2024 E Canton Zug
35%
Portugal 2021 C District Beja
33%
Serbia 2022 C District Bor
33%
Portugal 2021 C District Bragança
33%
Luxembourg 2025 E Canton Esch-sur-Alzette
33%
Sweden 2024 E County Halland
33%
Czech Republic 2021 C Region Hradec Králové
33%
Ireland 2022 C County Kerry
33%
Poland 2023 E Province Lubusz
33%
Lithuania 2024 E County Šiauliai
33%
Ireland 2022 C County Tipperary
33%
Portugal 2021 C District Vila Real
33%
Ireland 2022 C County Clare
31%
Switzerland 2024 E Canton Grisons
31%
Poland 2023 E Province Holy Cross
31%
Sweden 2024 E County Jönköping
31%
Russia 2024 E Republic Karachay-Cherkessia
31%
Ireland 2022 C County Kilkenny
31%
Bulgaria 2024 E Province Montana
31%
Sweden 2024 E County Norrbotten
31%
Czech Republic 2021 C Region Pardubice
31%
Poland 2023 E Province Podlaskie
31%
Portugal 2021 C District Santarém
31%
Switzerland 2024 E Canton Schwyz
31%
Bulgaria 2024 E Province Stara Zagora
31%
Russia 2024 E Region Tambov
31%
Finland 2024 E Region Uusimaa
31%
Slovakia 2023 E Region Žilina
31%
Romania 2024 E County Arad
29%
Portugal 2021 C District Castelo Branco
29%
Albania 2023 C County Elbasan
29%
Portugal 2021 C District Guarda
29%
Russia 2024 E Republic Kabardino-Balkar
29%
Czech Republic 2021 C Region Karlovy Vary
29%
Ukraine 2022 E Region Kirovohrad
29%
Finland 2024 E Region North Ostrobothnia
29%
Croatia 2023 E County Osijek-Baranja
29%
Kosovo 2024 C District Prizren
29%
Finland 2024 E Region South Ostrobothnia
29%
Switzerland 2024 E Canton Thurgau
29%
Portugal 2021 C District Viseu
29%
Switzerland 2024 E Canton Aargau
27%
Sweden 2024 E County Blekinge
27%
Norway 2025 E County Innlandet
27%
Sweden 2024 E County Jämtland
27%
Ireland 2022 C County Kildare
27%
Russia 2024 E Republic Mordovia
27%
Norway 2025 E County Østfold
27%
Finland 2024 E Region Ostrobothnia
27%
Lithuania 2024 E County Panevėžys
27%
Bulgaria 2024 E Province Pleven
27%
Portugal 2021 C District Portalegre
27%
Turkey 2022 E Province Tekirdağ
27%
Sweden 2024 E County Västerbotten
27%
Sweden 2024 E County Västra Götaland
27%
Norway 2025 E County Vestfold
27%
Lithuania 2024 E County Alytus
25%
Albania 2023 C County Berat
25%
Albania 2023 C County Fier
25%
Russia 2024 E Region Kostroma
25%
Lithuania 2024 E County Marijampolė
25%
Kosovo 2024 C District Mitrovica
25%
Norway 2025 E County Møre og Romsdal
25%
Finland 2024 E Region North Karelia
25%
Finland 2024 E Region North Savo
25%
Norway 2025 E County Rogaland
25%
Romania 2024 E County Sibiu
25%
Switzerland 2024 E Canton Solothurn
25%
Finland 2024 E Region South Karelia
25%
Finland 2024 E Region South Savo
25%
Romania 2024 E County Suceava
25%
Sweden 2024 E County Värmland
25%
Portugal 2021 C District Viana do Castelo
25%
Norway 2025 E County Akershus
24%
Romania 2024 E County Bacău
24%
Sweden 2024 E County Dalarna
24%
Sweden 2024 E County Gävleborg
24%
Sweden 2024 E County Östergötland
24%
Serbia 2022 C District Podunavlje
24%
Sweden 2024 E County Södermanland
24%
Norway 2025 E County Trøndelag
24%
Ireland 2022 C County Wicklow
24%
Romania 2024 E County Botoșani
22%
Romania 2024 E County Brăila
22%
Norway 2025 E County Buskerud
22%
Albania 2023 C County Korçë
22%
Sweden 2024 E County Kronoberg
22%
Portugal 2021 C District Leiria
22%
Bulgaria 2024 E Province Sliven
22%
Norway 2025 E County Telemark
22%
Romania 2024 E County Tulcea
22%
Sweden 2024 E County Västernorrland
22%
Czech Republic 2021 C Region Vysočina
22%
Norway 2025 E County Agder
20%
Kazakhstan 2023 E Region Atyrau
20%
Hungary 2022 C County Békés
20%
Bulgaria 2024 E Province Haskovo
20%
Croatia 2023 E County Karlovac
20%
Romania 2024 E County Maramureș
20%
Romania 2024 E County Olt
20%
Bulgaria 2024 E Province Shumen
20%
Lithuania 2024 E County Telšiai
20%
Lithuania 2024 E County Utena
20%
Croatia 2023 E County Varaždin
20%
Sweden 2024 E County Västmanland
20%
Croatia 2023 E County Vukovar-Srijem
20%
Romania 2024 E County Alba
18%
Croatia 2023 E County Brod-Posavina
18%
Romania 2024 E County Buzău
18%
Ireland 2022 C County Fingal
18%
Romania 2024 E County Giurgiu
18%
Romania 2024 E County Gorj
18%
Estonia 2025 E County Harju
18%
Finland 2024 E Region Kanta-Häme
18%
Bulgaria 2024 E Province Pazardzhik
18%
Bulgaria 2024 E Province Pernik
18%
Romania 2024 E County Satu Mare
18%
Bulgaria 2024 E Province Veliko Tarnovo
18%
Bulgaria 2024 E Province Yambol
18%
Romania 2024 E County Argeș
16%
Romania 2024 E County Bihor
16%
Romania 2024 E County Bistrița-Năsăud
16%
Romania 2024 E County Călărași
16%
Romania 2024 E County Caraș-Severin
16%
Romania 2024 E County Covasna
16%
Albania 2023 C County Dibër
16%
Romania 2024 E County Dolj
16%
Ireland 2022 C County Dún Laoghaire–Rathdown
16%
Kosovo 2024 C District Gjakova
16%
Romania 2024 E County Harghita
16%
Romania 2024 E County Hunedoara
16%
Romania 2024 E County Ialomița
16%
Romania 2024 E County Ilfov
16%
Hungary 2022 C County Komárom-Esztergom
16%
Bulgaria 2024 E Province Kyustendil
16%
Romania 2024 E County Mehedinți
16%
Romania 2024 E County Mureș
16%
Romania 2024 E County Neamț
16%
Romania 2024 E County Prahova
16%
Romania 2024 E County Sălaj
16%
Finland 2024 E Region Satakunta
16%
Romania 2024 E County Teleorman
16%
Romania 2024 E County Vâlcea
16%
Romania 2024 E County Vaslui
16%
Romania 2024 E County Vrancea
16%
Romania 2024 E County Dâmbovița
14%
Kosovo 2024 C District Ferizaj
14%
Hungary 2022 C County Jász-Nagykun-Szolnok
14%
Finland 2024 E Region Kymenlaakso
14%
Serbia 2022 C District Mačva
14%
Hungary 2022 C County Nógrád
14%
Finland 2024 E Region Pirkanmaa
14%
Serbia 2022 C District Raška
14%
Hungary 2022 C County Veszprém
14%
Bulgaria 2024 E Province Vratsa
14%
Hungary 2022 C County Bács-Kiskun
12%
Hungary 2022 C County Borsod-Abaúj-Zemplén
12%
Hungary 2022 C County Fejér
12%
Hungary 2022 C County Hajdú-Bihar
12%
Hungary 2022 C County Heves
12%
Estonia 2025 E County Ida-Viru
12%
Bulgaria 2024 E Province Kardzhali
12%
Turkey 2022 E Province Kırklareli
12%
Serbia 2022 C District Nišava
12%
Finland 2024 E Region Päijät-Häme
12%
Croatia 2023 E County Primorje-Gorski Kotar
12%
Croatia 2023 E County Sisak-Moslavina
12%
Hungary 2022 C County Somogy
12%
Serbia 2022 C District Šumadija
12%
Hungary 2022 C County Tolna
12%
Hungary 2022 C County Zala
12%
Serbia 2022 C District Zlatibor
12%
Hungary 2022 C County Baranya
10%
Serbia 2022 C District Braničevo
10%
Hungary 2022 C County Csongrád-Csanád
10%
Kosovo 2024 C District Gjilan
10%
Serbia 2022 C District Kolubara
10%
Bulgaria 2024 E Province Lovech
10%
Croatia 2023 E County Međimurje
10%
Serbia 2022 C District Rasina
10%
Hungary 2022 C County Szabolcs-Szatmár-Bereg
10%
Serbia 2022 C District Jablanica
8%
Croatia 2023 E County Krapina-Zagorje
8%
Serbia 2022 C District Moravica
8%
Serbia 2022 C District Pčinja
8%
Serbia 2022 C District Pomoravlje
8%
No matching quizzes found
Score Distribution
Percent of People with Each Score
Percentile by Number Answered
Your Score History
You have not taken this quiz since the last reset